| 000 | 00808nam a22002057a 4500 | ||
|---|---|---|---|
| 999 |
_c14234 _d14234 |
||
| 003 | AR-CdUCM | ||
| 008 | 190422b ||||| |||| 00| 0 spa d | ||
| 040 |
_aMUNICIPALIDAD PROVINCIAL DEL CUSCO _cBIBLIOTECA MUNICIPAL DEL CUSCO |
||
| 082 |
_a301.1 / _bAN57 |
||
| 110 |
_aComisión evangélica latino americana de educación cristiana _932829 |
||
| 245 | _aAnálisis de estructura y coyuntura / | ||
| 260 |
_aLima : _bCELADEC, _c1979. |
||
| 300 |
_a32 páginas ; _c21 cm. |
||
| 505 | _aContenido : ¿Por que debemos analizar nuestra sociedad? -- ¿Que es una estructura social i que es una coyuntura? -- La estructura social nociones generales ... | ||
| 650 |
_aEstructura social _92893 |
||
| 650 |
_aCoyuntura _932927 |
||
| 650 |
_aSociologia _9276 |
||
| 942 |
_2ddc _cFOLLETOS |
||
| 945 |
_arah _d22/04/2019 |
||